000 00877nam a2200265Ia 4500
001 21959
005 20260320113328.0
008 260320s9999||||xx |||||||||||||| ||und||
020 _a9786123263157
041 _aESP
082 _a305.80985
_bP18
100 _aPajuelo Teves, Ramón,
_eAUT
245 0 _aLa integración falaz :
_bexploraciones sobre etnicidad, indígenas y nación en el Perú
246 _a
_5
_b
250 _aPrimera edición
260 _aLima :
_bIEP Instituto de Estudios Peruanos,
_c2025
300 _a288 páginas :
_b
_c19 cm.
_e
440 _a(Perú problema
_n; número 82)
_v
650 _aCIS
653 _aEtnicidad - Perú; Indígenas; Identidad cultural
654 _aCHU
700 _a
_c
856 _uhttps://0u20jme4p-y-https-www-jstor-org.itmsp.museknowledge.com/
_zVéase además: Base de datos JSTOR
942 _cLIB
_dJUS
_fMAT
_2ddc
_n
999 _c21959
_d21959